| 000 | 00783nam a22002177a 4500 | ||
|---|---|---|---|
| 003 | OSt | ||
| 005 | 20260122195843.0 | ||
| 008 | 230414b ||||| |||| 00| 0 eng d | ||
| 040 | _cOst | ||
| 041 | _ashan | ||
| 082 | _a808.882 | ||
| 245 | _aလွၼ်ႉၵႅၼ်မွၼ်းထမ်းမၢႆ-1။ | ||
| 260 |
_aတူၼ်ႈတီး _bဝိၼ်းၵုမ်ႇပျူႇတႃႇ |
||
| 300 |
_a40 ၼႃႈ _c15 ၸိၼ်ႇထီႇ |
||
| 500 | _aS-SAT: Dr. Prof Sai Aung Tun | ||
| 500 | _aပပ်ႉၸဝ်ႈတႃႇၼႁင်းၶေႃ တွၵ်ႉတိူဝ်ႇၸၢႆးဢွင်ႇထုၼ်း | ||
| 650 |
_aလွၼ်ႉမွၼ်းၵႂၢမ်း _923086 |
||
| 942 | _cBK1 | ||
| 942 | _2ddc | ||
| 942 | _2ddc | ||
| 999 |
_c23994 _d23994 |
||